Recopilación de Leyes por Orden Numérico. Con índices Onomástico, por Número, Ministerios y Materias

Enregistré dans:
Détails bibliographiques
Collectivité auteur: Contraloría General de la República (Auteur)
Format: Livre
Langue:espagnol
Publié: Santiago Contraloría General de la República 1947
Sujets:
Tags: Ajouter un tag
Pas de tags, Soyez le premier à ajouter un tag!

MARC

LEADER 00000nam a2200000 a 4500
001 UCR0647
003 CL-VaPUC
008 971205e19470000CL |||||||||||||||||spa|d
082 0 4 |a 348.022  |b CON  |2 21 
110 2 |a Contraloría General de la República  |e author  |9 396630 
245 1 0 |a Recopilación de Leyes por Orden Numérico. Con índices Onomástico, por Número, Ministerios y Materias 
300 |a t 
942 |c BK 
945 |d 19971205 00:00:00  |a lriquelm 
260 |a Santiago  |b Contraloría General de la República  |c 1947 
500 |a Contiene: desde la ley 8.420, de 27 de Marzo de 1946 a la 8.777, de 17 de Mayo de 1947 
500 |a Donación profesor Fernando Recio Olguín 
650 7 |a LEGISLACION  |2 CL-VaPUC  |9 396631 
650 0 |a Leyes  |9 256670 
650 7 |a FUENTES  |2 CL-VaPUC  |9 255666 
650 7 |a DERECHO CHILENO  |2 CL-VaPUC  |9 396632 
651 7 |a CHILE  |2 CL-VaPUC  |9 396633 
583 |a last modification  |c 20140410 09:23:40  |k Rodrigo Vera 
999 |c 264146  |d 264144 
952 |0 0  |1 0  |4 0  |6 348_022000000000000_CON_1947  |7 0  |8 F  |9 293947  |a BIBDER  |b BIBDER  |d 2019-11-19  |h t.34  |i 191054K  |o 348.022 CON 1947  |p 191054K  |r 2023-01-25  |w 2019-11-19  |y BK_F  |k DER 
952 |0 0  |1 0  |4 0  |6 348_022000000000000_CON_1947  |7 0  |8 X  |9 293949  |a BIBHIS  |b BIBHIS  |d 2019-11-19  |h t.34  |i 212839K  |o 348.022 CON 1947  |p 212839K  |r 2024-01-30  |w 2019-11-19  |y BK_X  |k HIS